| 000 | 00781nam a2200181Ia 4500 | ||
|---|---|---|---|
| 008 | 151018s9999 xx 000 0 und d | ||
| 082 |
_bRBASDV22545 _a920 |
||
| 100 | _aसदाशिव आठवले | ||
| 245 | _aरामशास्त्री प्रभुणे चरित्र व पत्रे | ||
| 250 | _b1 | ||
| 260 |
_bश्रीविद्या प्रकाशन पुणे _c1990 |
||
| 300 | _a167 | ||
| 600 | _aसदाशिव आठवले | ||
| 630 | _aरामशास्त्री प्रभुणे चरित्र व पत्रे | ||
| 700 | _aसदाशिव आठवले | ||
| 730 | _aरामशास्त्री प्रभुणे चरित्र व पत्रे | ||
| 942 | _cBOOK | ||
| 999 |
_c1022213 _d1022210 |
||